000 00655nam a2200217Ia 4500
003 OSt
005 20250519123613.0
008 210210b1981 xxu||||| |||| 00| 0 eng d
040 _cAL
041 _aKannada
082 _aK894.308 NIRV
100 _aNIRANJANA, Ed.
_dನಿರಂಜನ
_9210284
245 _aVishva katha kosha.S14-Sajjanana savu.
_bವಿಶ್ವ ಕಥಾ ಕೋಶ ಸಂ ೧೪- ಸಜ್ಜನನ ಸಾವು
260 _aBangaluru
_bNavakarnataka Publikeshans
_c1981
300 _aiv,210
440 _a18
_9210285
650 _aKategalu
_9210286
690 _aKannada Fiction
_9210287
906 _a035184
942 _2ddc
_cBK
999 _c85615
_d85615